00605nam a22002057a 450000500170000001000130001702000230003003500130005303700160006604000120008208200170009410000220011124500910013326000450022427000470026930000320031665000130034865000170036170000210037820170124110202.0 aA-939406 c295.00a8120313968 aA-939406 bCen Lib/Ret aDPLbEN a005.754bHAY aHayes, William B. aUsing special edition :cby William B. Haynes [and] Charles A. WoodbPower Builder 6 / aNew DelhibPrentice Hall of India c1998 aM-97, Connaught Circus bNew Delhie110001 axx, 850p. :c24cm(Hb)bill. aInternet aPowerBuilder aWood, Charles A.